000 00774nkm a2200217 u 4500
001 10570
003 HDC
008 210205| xx ||||| |||| s0| |eng d
040 _aHDC
245 0 _aGrowing Demand for Islamic Banking
260 _a[No place] :
_b[publisher not identified],
_c[no date]
336 _atwo-dimensional moving image
_2rdacontent
337 _acomputer
_2rdamedia
338 _aonline resource
_2rdacarrier
650 _aBanks and banking
_xReligious aspects
_xIslam
_9262
650 _aIslam
_xCustoms and practices
_9691
856 _zRequest full-text at [email protected]
942 _2lcc
942 _cVID
942 _kMMED 000020
999 _c7893
_d7893